Význam dodržiavania podnikateľskej etiky s aplikáciou na farmaceutický priemysel
Charakteristika podnikateľskej a marketingovej etiky. Dodržiavanie etických princípov vo farmaceutickom priemysle v rámci Európskej únie. Najvýznamnejšie medzinárodné organizácie a nimi vydané regulácie týkajúce sa dodržiavania etických princípov. Situácia na Slovensku.
Na minha lista:
| Autor principal: | |
|---|---|
| Formato: | Capítulo de Livro |
| Idioma: | eslovaco |
| Assuntos: | |
| Tags: |
Sem tags, seja o primeiro a adicionar uma tag!
|
MARC
| LEADER | 00000naa$a2200000$$$4500 | ||
|---|---|---|---|
| 001 | 0051421 | ||
| 005 | 20240502071612.2 | ||
| 041 | 0 | |a slo | |
| 044 | |a SK | ||
| 245 | 1 | 0 | |a Význam dodržiavania podnikateľskej etiky s aplikáciou na farmaceutický priemysel |c Nora Banghová |
| 520 | |a Charakteristika podnikateľskej a marketingovej etiky. Dodržiavanie etických princípov vo farmaceutickom priemysle v rámci Európskej únie. Najvýznamnejšie medzinárodné organizácie a nimi vydané regulácie týkajúce sa dodržiavania etických princípov. Situácia na Slovensku. | ||
| 610 | 2 | 0 | |a priemysel farmaceutický |
| 610 | 2 | 0 | |a liečivá |
| 610 | 2 | 0 | |a zdravie |
| 610 | 2 | 0 | |a etika |
| 610 | 2 | 0 | |a morálka |
| 610 | 2 | 0 | |a kódexy etické |
| 610 | 2 | 0 | |a predpisy |
| 610 | 2 | 0 | |a organizácie medzinárodné |
| 610 | 2 | 0 | |a reklama |
| 100 | 1 | |a Banghová, Nora | |